LEADER 00613naa a2200145 i 4500 001 000000327590 003 CaOOAMICUS 005 20180831173544.0 008 180831n it u000 u ita u 013 $a39178 040 $aSeMil$bita 245 12$aL'infinito e il nulla :$bl'amore che non ti aspetti. 650 4$aNichilismo.$0(OLS)http://semarc/subject/2239 773 0 $tMisericordia e le sue opere.$dMilano : Vita e Pensiero, 2016.$kFilosofia. Ricerche$kFilosofia ed esperienza religiosa$z978-88-343-3230-6$gp.79-96$w()135090 996 $6245$aL'infinito e il nulla :$bl'amore che non ti aspetti$9(OLS)http://semarc/title/416208 LEADER 01291nam a2200301 i 4500 001 000000156715 003 CaOOAMICUS 005 20061212000000.0 008 061212s1956 it u000 u ita u 013 $a134070 040 $aSeMil$bita 100 1 $aOhm, Thomas.$0(OLS)http://semarc/name/31847 240 14$aDie Liebe zu Gott in den nichtchristlichen Religionen.$0(OLS)http://semarc/title/229738 245 12$aL'amore a Dio nelle religioni non cristiane /$cThomas Ohm ; edizione italiana a cura di P. Rossano. 260 $aAlba :$bPaoline,$c1956. 300 $a633 p. ;$c22 cm. 490 0 $aMultiformis sapientia ;$v7 500 $aContiene : Bibliografia. 650 4$aCristianesimo e religioni non cristiane.$0(OLS)http://semarc/subject/3360 700 1 $aRossano, Piero,$c.$0(OLS)http://semarc/name/4098 830 0$aMultiformis sapientia ;$v7.$0(OLS)http://semarc/title/6406 850 $aSeMil 852 $aSeMil$W1$xVenegono$y1$m2R II 28$j108464$B108464$CSeMilBibl$Z2$F118964 $81 900 1 $aRossano, Pietro. 961 $aOmaggio: Parma don Carlo 996 $6245$aL'amore a Dio nelle religioni non cristiane$9(OLS)http://semarc/title/229737 996 $6260$aAlba :$bPaoline$9(OLS)http://semarc/publisher/29692